प्रशांत नदीश के सीप / (Record no. 49331)

MARC details
000 -LEADER
fixed length control field 01267nam a22002537a 4500
005 - DATE AND TIME OF LATEST TRANSACTION
control field 20101206113148.0
008 - FIXED-LENGTH DATA ELEMENTS--GENERAL INFORMATION
fixed length control field 101206t xxu||||| |||| 00| 0 hin d
010 ## - LCCN (DPL NO)
LC control number HIN-91352
020 ## - INTERNATIONAL STANDARD BOOK NUMBER
Terms of availability 125.00
035 ## - SYSTEM CONTROL NUMBER
System control number HN-63698
037 ## - SOURCE OF ACQUISITION
Source of stock number/acquisition DBAD/PUB
040 ## - CATALOGING SOURCE
Original cataloging agency DPL
Language of cataloging HN
082 ## - DEWEY DECIMAL CLASSIFICATION NUMBER
Classification number 821
100 ## - MAIN ENTRY--PERSONAL NAME
9 (RLIN) 24598
Personal name महीप-प्रशांत
245 ## - TITLE STATEMENT
Title प्रशांत नदीश के सीप /
Statement of responsibility, etc महीप-प्रशांत एवं नरेन्द्रनाथ श्रीवास्तव 'नदीश'
260 ## - PUBLICATION, DISTRIBUTION, ETC. (IMPRINT)
Place of publication, distribution, etc बेंगलूर (कर्नाटक)
Name of publisher, distributor, etc प्रोमोदिनी प्रकाशन
Date of publication, distribution, etc 2009
270 ## - ADDRESS
City बेंगलूर (कर्नाटक)
Address जी.आर. श्रीनिवास अपार्टमेंट, फ्लॅट न.111, बेगूर
Electronic mail address drdeep.org@gmail.com
300 ## - PHYSICAL DESCRIPTION
Extent 228पृ.
Dimensions 22सेमी (अजिल्द)
650 ## - SUBJECT ADDED ENTRY--TOPICAL TERM
9 (RLIN) 1169
700 ## - ADDED ENTRY--PERSONAL NAME
9 (RLIN) 24599
Personal name श्रीवास्तव, नरेन्द्रनाथ 'नदीश'
700 ## - ADDED ENTRY--PERSONAL NAME
9 (RLIN) 24924
942 ## - ADDED ENTRY ELEMENTS (KOHA)
Source of classification or shelving scheme Dewey Decimal Classification
Item type Hindi Books
Call number suffix महीप
Holdings
Withdrawn status Lost status Source of classification or shelving scheme Damaged status Not for loan Collection code Home library Current library Date acquired Source of acquisition Cost, normal purchase price Total Checkouts Full call number Barcode Date last seen Copy number Cost, replacement price Koha item type
    Dewey Decimal Classification   Not For Loan Non-fiction D.B.Act.Division D.B.Act.Division 20/12/2010 DBAD /PUB 125.00   821महीप HN-63698 20/12/2010 1 125.00 Hindi Books

© Delhi Public Library
Hit Counter
free hit counter